| 000 | 01016nam a2200229 i 4500 | ||
|---|---|---|---|
| 001 | 43277 | ||
| 003 | ES-MaACL | ||
| 005 | 20251011063102.0 | ||
| 007 | t| | ||
| 008 | 030317s1887 sp ||||1| spa d | ||
| 080 | _a929 Bazán, Álvaro de, Marqués de Santa Cruz | ||
| 100 | 0 |
_aPilares, Ramón Auñón y Villalón, _cMarqués de _992020 |
|
| 245 | 1 | 3 |
_aEl Centenario de don Alvaro de Bazan, primer marqués de Santa Cruz / _c[Ramón de Auñón y Villalón]. |
| 260 |
_aMadrid : _b[s.n.], _c1887 ( _fImp. Fortanet) |
||
| 300 |
_a30 p. ; _c23 cm. |
||
| 500 | _aTres cartas que se publicaron en los periódicos "La Opinión y El Estandarte" | ||
| 530 | _aDisponible también en sitio web. | ||
| 600 | 1 | 7 |
_aBazán, Álvaro de, Marqués de Santa Cruz, _d1526-1588- _vAniversarios y centenarios _2 _9170258 |
| 852 |
_aES-MaACL _jT-454-F-2 |
||
| 856 |
_uhttp://bibliotecadigitalhispanica.bne.es:80/webclient/DeliveryManager?pid=2916055&custom_att_2=simple_viewer _zIr a la página |
||
| 999 |
_c43277 _d43277 |
||